000 00510nam a2200181Ia 4500
001 305
005 20260306140508.0
008 260306t2023||||xx |||||||||||||| ||spa||
041 _aESP
082 _a027.7974
_bR92
100 _aRueda Ramírez, Pedro,
_eAUT
245 0 _aLibros y bibliotecas en Puebla de los Ángeles :
_bcirculación atlántica y consumo de impresos (siglos XVI-XVII)
260 _c2023
300 _a276 páginas :
_c23 cm.
650 _aGEN
654 _aCHU
942 _cLIB
_dJUS
_fJUS
_2ddc
_n
999 _c305
_d305